000 00328nam a2200121Ia 4500
008 240624s9999 xx 000 0 und d
041 _aeng
082 _a658.5 CHU
100 _aCHUNAWALLA S A
245 _aPRODUCTION AND OPERATIONS MANAGEMENT
260 _c2003
_aMumbai
_bHimalaya Publishing House
300 _a720 : p. : cm. ; 22
999 _c5170
_d5170